[Event "Sebes GP op"]
[Site "Sebes"]
[Date "2023.11.04"]
[Round "2"]
[White "Szabo, Gergely Andras"]
[Black "Grigore, Gigi"]
[Result "1-0"]
[WhiteElo "2493"]
[BlackElo "2014"]
[PlyCount "54"]
[EventDate "2023.11.04"]
[EventType "swiss"]
[EventRounds "10"]
[EventCountry "ROU"]
[SourceTitle "CBM 217 Extra"]
[Source "ChessBase"]
[SourceDate "2024.01.31"]
[SourceVersion "1"]
[SourceVersionDate "2024.01.31"]
[SourceQuality "1"]

1. e4 d5 2. exd5 Nf6 3. d4 Bg4 4. f3 Bf5 5. g4 Bg6 6. c4 e6 7. Nc3 exd5 8. g5 Nh5 9. f4 Qe7+ 10. Kf2 f6 11. f5 Bf7 12. Be2 g6 13. Bxh5 gxh5 14. Nf3 Kd8 15. gxf6 Qd7 16. Ne5 Qxf5+ 17. Qf3 Qc2+ 18. Ne2 Be6 19. Bg5 Nc6 20. Rhc1 Qxb2 21. f7+ Kc8 22. Qf6 Bg4 23. Nxg4 hxg4 24. Qxh8 Kd7 25. cxd5 Nb4 26. Qxh7 Nxd5 27. Qf5+ Kd6 1-0

[Event "Timisoara Foisor Memorial Rapid"]
[Site "Timisoara"]
[Date "2023.08.06"]
[Round "7"]
[White "Szabo, Gergely Andras"]
[Black "Negrean, Andrei"]
[Result "1-0"]
[WhiteElo "2493"]
[BlackElo "2076"]
[PlyCount "79"]
[EventDate "2023.08.05"]
[EventType "swiss (rapid)"]
[EventRounds "10"]
[EventCountry "ROU"]
[SourceTitle "CBM 215 Extra"]
[Source "ChessBase"]
[SourceDate "2023.09.30"]
[SourceVersion "1"]
[SourceVersionDate "2023.09.30"]
[SourceQuality "1"]

1. d4 Nf6 2. Nf3 d5 3. Bf4 c5 4. e3 Nc6 5. c3 Qb6 6. Qc2 g6 7. Nbd2 Bf5 8. dxc5 Qxc5 9. Qb3 Na5 10. Bb5+ Bd7 11. Bxd7+ Nxd7 12. Qa4 Nc6 13. e4 Nb6 14. Qc2 dxe4 15. Qxe4 Qd5 16. 0-0 Bg7 17. a4 0-0 18. Qe2 e5 19. Be3 Nd7 20. Rfd1 Qe6 21. Qc4 Qxc4 22. Nxc4 Rfd8 23. Nd6 b6 24. Nb7 Bf8 25. Nxd8 Rxd8 26. Rd5 e4 27. Ng5 Nf6 28. Rxd8 Nxd8 29. Bd4 Nd5 30. Nxe4 Be7 31. Rd1 Ne6 32. Be5 Ndf4 33. Rd7 Kf8 34. Bd6 Bxd6 35. Nxd6 f6 36. Rxa7 Nd3 37. b4 Nef4 38. a5 bxa5 39. bxa5 Ne2+ 40. Kf1 1-0

[Event "Timisoara Foisor Memorial Rapid"]
[Site "Timisoara"]
[Date "2023.08.05"]
[Round "4"]
[White "Reprun, Nadejda"]
[Black "Szabo, Gergely Andras"]
[Result "0-1"]
[WhiteElo "1965"]
[BlackElo "2493"]
[PlyCount "78"]
[EventDate "2023.08.05"]
[EventType "swiss (rapid)"]
[EventRounds "10"]
[EventCountry "ROU"]
[SourceTitle "CBM 215 Extra"]
[Source "ChessBase"]
[SourceDate "2023.09.30"]
[SourceVersion "1"]
[SourceVersionDate "2023.09.30"]
[SourceQuality "1"]

1. e4 c5 2. Nf3 d6 3. d4 cxd4 4. Nxd4 Nf6 5. Nc3 Nc6 6. Be2 e6 7. 0-0 Be7 8. Kh1 a6 9. f4 Qc7 10. Be3 0-0 11. Qe1 Bd7 12. Qg3 Nxd4 13. Bxd4 Bc6 14. Bd3 b5 15. a3 Rad8 16. Rae1 Qd7 17. Bxf6 Bxf6 18. e5 dxe5 19. fxe5 Be7 20. Rd1 Qb7 21. Rd2 h6 22. Re1 Bg5 23. Rde2 Rd4 24. Be4 Rfd8 25. Bxc6 Qxc6 26. Ne4 Be7 27. Nf6+ Bxf6 28. exf6 g6 29. Rxe6 Qxc2 30. Re8+ Rxe8 31. Rxe8+ Kh7 32. h3 Qf5 33. Qe5 Qxe5 34. Rxe5 Rd6 35. Re7 Rxf6 36. Kg1 Kg7 37. Rc7 g5 38. b4 Rd6 39. Kf2 Rd3 0-1

[Event "Brasov GP RO"]
[Site "Brasov"]
[Date "2023.07.20"]
[Round "7"]
[White "Ciorgovean, Iustin"]
[Black "Szabo, Gergely Andras"]
[Result "0-1"]
[WhiteElo "2305"]
[BlackElo "2503"]
[PlyCount "106"]
[EventDate "2023.07.16"]
[EventType "swiss"]
[EventRounds "9"]
[EventCountry "ROU"]
[SourceTitle "CBM 215 Extra"]
[Source "ChessBase"]
[SourceDate "2023.09.30"]
[SourceVersion "1"]
[SourceVersionDate "2023.09.30"]
[SourceQuality "1"]

1. d4 Nf6 2. c4 e6 3. Nc3 Bb4 4. e3 0-0 5. Bd3 d5 6. a3 Bxc3+ 7. bxc3 dxc4 8. Bxc4 c5 9. Nf3 Qc7 10. Be2 b6 11. Bb2 Nbd7 12. 0-0 Bb7 13. Nd2 e5 14. a4 Rad8 15. Qb3 cxd4 16. cxd4 Nc5 17. Qc2 Nfe4 18. Nf3 exd4 19. Nxd4 Rd5 20. Rfd1 Rg5 21. Bf1 Rh5 22. h3 Rg5 23. Nb5 Qc8 24. Kh2 Rg6 25. Be5 Ng5 26. Nd4 Rd8 27. Nf5 Re8 28. Nh4 Rh6 29. Bg3 Nge4 30. Ra3 Nxg3 31. fxg3 Be4 32. Qb2 Qc7 33. Nf3 Rg6 34. Qf2 Rf6 35. Qe2 Bb7 36. Nd2 Rg6 37. Qf2 Rf6 38. Qe1 h5 39. h4 Rd8 40. Be2 g6 41. Nf3 Rxd1 42. Bxd1 Ne4 43. Ra2 Rc6 44. Nd4 Rc1 45. Rc2 Rxd1 46. Qxd1 Qxg3+ 47. Kg1 Qxe3+ 48. Kh2 Nf2 49. Qd2 Ng4+ 50. Kh1 Qh3+ 51. Kg1 Qh2+ 52. Kf1 Bxg2+ 53. Qxg2 Ne3+ 0-1

[Event "Brasov GP RO"]
[Site "Brasov"]
[Date "2023.07.16"]
[Round "1"]
[White "Hoanca, Alexia Ioana"]
[Black "Szabo, Gergely Andras"]
[Result "0-1"]
[WhiteElo "1650"]
[BlackElo "2503"]
[PlyCount "52"]
[EventDate "2023.07.16"]
[EventType "swiss"]
[EventRounds "9"]
[EventCountry "ROU"]
[SourceTitle "CBM 215 Extra"]
[Source "ChessBase"]
[SourceDate "2023.09.30"]
[SourceVersion "1"]
[SourceVersionDate "2023.09.30"]
[SourceQuality "1"]

1. e4 e6 2. d3 d5 3. Nd2 c5 4. Ngf3 Nc6 5. g3 Bd6 6. Bg2 Nge7 7. 0-0 0-0 8. Nh4 Bc7 9. f4 f6 10. c3 b5 11. Qe2 Bb6 12. Ndf3 c4+ 13. d4 dxe4 14. Qxe4 Rb8 15. Bh3 Qd6 16. Re1 Nd8 17. f5 Bb7 18. Qe2 e5 19. Be3 Nd5 20. Bf2 Nf7 21. dxe5 fxe5 22. Rad1 e4 23. Nd4 Rfe8 24. Be3 b4 25. cxb4 Nxe3 26. Qxe3 Red8 0-1

[Event "CAN Transnational op"]
[Site "Montreal"]
[Date "2023.06.10"]
[Round "6"]
[White "Noritsyn, Nikolay"]
[Black "Szabo, Gergely Andras"]
[Result "1-0"]
[WhiteElo "2462"]
[BlackElo "2504"]
[PlyCount "77"]
[EventDate "2023.06.06"]
[EventType "swiss"]
[EventRounds "9"]
[EventCountry "CAN"]
[SourceTitle "CBM 214 Extra"]
[Source "ChessBase"]
[SourceDate "2023.07.31"]
[SourceVersion "1"]
[SourceVersionDate "2023.07.31"]
[SourceQuality "1"]

1. e4 c5 2. Nc3 Nc6 3. Nge2 d6 4. d4 cxd4 5. Nxd4 Nf6 6. Bg5 e6 7. Qd2 a6 8. 0-0-0 Bd7 9. f3 Nxd4 10. Qxd4 Be7 11. Kb1 b5 12. g4 0-0 13. h4 Bc6 14. Ne2 Qc7 15. Qd2 Rfc8 16. Nd4 Bd7 17. Bd3 Rab8 18. h5 a5 19. Bh4 b4 20. g5 Nxh5 21. f4 g6 22. Ba6 Rd8 23. Be2 e5 24. Bxh5 exd4 25. Be2 d5 26. Bf2 d3 27. cxd3 Qc3 28. Qe3 Qg7 29. exd5 Bd6 30. Qd4 Bf8 31. Bf3 Bf5 32. Be4 a4 33. Rc1 a3 34. b3 Rb5 35. Qxg7+ Bxg7 36. Rc5 Rxc5 37. Bxc5 Bc3 38. Be7 Rc8 39. Bxf5 1-0

[Event "CAN Transnational op"]
[Site "Montreal"]
[Date "2023.06.09"]
[Round "5"]
[White "Szabo, Gergely Andras"]
[Black "Lee, Alice"]
[Result "1/2-1/2"]
[WhiteElo "2504"]
[BlackElo "2390"]
[PlyCount "67"]
[EventDate "2023.06.06"]
[EventType "swiss"]
[EventRounds "9"]
[EventCountry "CAN"]
[SourceTitle "CBM 214 Extra"]
[Source "ChessBase"]
[SourceDate "2023.07.31"]
[SourceVersion "1"]
[SourceVersionDate "2023.07.31"]
[SourceQuality "1"]

1. e4 e5 2. Nf3 Nf6 3. d4 Nxe4 4. Bd3 d5 5. Nxe5 Nd7 6. Nc3 Nxc3 7. bxc3 Nxe5 8. dxe5 Bc5 9. 0-0 0-0 10. Rb1 c6 11. Qf3 Qh4 12. Be3 b6 13. Bxc5 bxc5 14. c4 Be6 15. Qe3 dxc4 16. Be4 Bd5 17. f4 Qe7 18. Bxd5 cxd5 19. f5 Rfe8 20. Rbe1 f6 21. Qf3 Rad8 22. exf6 Qxe1 23. Rxe1 Rxe1+ 24. Kf2 Re5 25. fxg7 Rd7 26. f6 Re6 27. g4 Rxf6 28. Qxf6 Rf7 29. g5 Rxf6+ 30. gxf6 d4 31. Kf3 c3 32. Ke4 Kf7 33. h4 h5 34. Kd3 1/2-1/2

[Event "CAN Transnational Rapid"]
[Site "Toronto"]
[Date "2023.06.03"]
[Round "3"]
[White "Cruz, Cristhian"]
[Black "Szabo, Gergely Andras"]
[Result "1-0"]
[WhiteElo "2522"]
[BlackElo "2504"]
[PlyCount "89"]
[EventDate "2023.06.03"]
[EventType "swiss (rapid)"]
[EventRounds "11"]
[EventCountry "CAN"]
[SourceTitle "CBM 214 Extra"]
[Source "ChessBase"]
[SourceDate "2023.07.31"]
[SourceVersion "1"]
[SourceVersionDate "2023.07.31"]
[SourceQuality "1"]

1. d4 Nf6 2. c4 e6 3. g3 c5 4. Nf3 cxd4 5. Nxd4 d5 6. Bg2 e5 7. Nf3 d4 8. 0-0 Nc6 9. e3 Be7 10. exd4 exd4 11. Nbd2 0-0 12. Nb3 d3 13. Be3 Bg4 14. h3 Bxf3 15. Qxf3 Qd7 16. Rad1 Rfd8 17. Bg5 Rab8 18. Rfe1 h6 19. Bf4 Rbc8 20. Re3 Qf5 21. g4 Qg6 22. Rexd3 Rxd3 23. Qxd3 Rd8 24. Qe2 Rxd1+ 25. Qxd1 h5 26. g5 Ne4 27. h4 Qf5 28. Be3 Ne5 29. Nd4 Qg6 30. Qc2 Nc5 31. Qxg6 fxg6 32. b4 Ncd3 33. a3 a5 34. Bxb7 axb4 35. a4 Nb2 36. a5 Nbxc4 37. a6 Bc5 38. Bd5+ Kh7 39. Bxc4 Nxc4 40. Nb3 Bxe3 41. fxe3 Kg8 42. Kf2 Kf7 43. Ke2 Ke6 44. Kd3 Nb6 45. Kd4 1-0

[Event "Bucharest Grand Prix"]
[Site "Bucharest"]
[Date "2023.04.30"]
[Round "10"]
[White "Szabo, Gergely Andras"]
[Black "Pisu, Robert Daniel"]
[Result "1-0"]
[WhiteElo "2504"]
[BlackElo "2209"]
[PlyCount "81"]
[EventDate "2023.04.29"]
[EventType "swiss (rapid)"]
[EventRounds "10"]
[EventCountry "ROU"]
[SourceTitle "CBM 213 Extra"]
[Source "ChessBase"]
[SourceDate "2023.05.31"]
[SourceVersion "1"]
[SourceVersionDate "2023.05.31"]
[SourceQuality "1"]

1. e4 e5 2. Nf3 Nc6 3. d4 exd4 4. Nxd4 Bc5 5. Nb3 Be7 6. Nc3 Nf6 7. Bf4 d6 8. Qd2 0-0 9. 0-0-0 a5 10. Nd4 Nxd4 11. Qxd4 Be6 12. f3 Nd7 13. Qd2 a4 14. a3 Ne5 15. Qe3 Nc4 16. Bxc4 Bxc4 17. Nd5 Bf6 18. g4 Bxd5 19. Rxd5 Re8 20. g5 Be5 21. Rhd1 Bxf4 22. Qxf4 Qe7 23. h4 Rab8 24. h5 b5 25. c3 Qe6 26. Qf5 g6 27. hxg6 Qxf5 28. exf5 hxg6 29. f6 Re2 30. Rh1 Rg2 31. f4 Re8 32. Rxb5 c6 33. Rb6 Rf2 34. Rb4 c5 35. Rxa4 Rb8 36. b3 Rf3 37. Kc2 Rf2+ 38. Kd3 Rf3+ 39. Kd2 Re8 40. Rh2 d5 41. f5 1-0

[Event "ROM GP Final KO"]
[Site "Alba Iulia"]
[Date "2022.12.06"]
[Round "3.2"]
[White "Szabo, Gergely Andras"]
[Black "Magold, Filip"]
[Result "1/2-1/2"]
[WhiteElo "2514"]
[BlackElo "2187"]
[PlyCount "53"]
[EventDate "2022.12.06"]
[EventType "k.o. (rapid)"]
[EventRounds "3"]
[EventCountry "ROU"]
[SourceTitle "CBM 211 Extra"]
[Source "ChessBase"]
[SourceDate "2023.01.31"]
[SourceVersion "1"]
[SourceVersionDate "2023.01.31"]
[SourceQuality "1"]

1. e4 c5 2. c3 Nf6 3. e5 Nd5 4. Nf3 Nc6 5. Bc4 e6 6. d4 cxd4 7. cxd4 d6 8. 0-0 Be7 9. Qe2 0-0 10. Nc3 Nb6 11. Bd3 d5 12. a3 Nd7 13. Bc2 Re8 14. g3 Nf8 15. h4 f6 16. exf6 Bxf6 17. Qd3 Qb6 18. Be3 Qa6 19. Qxa6 bxa6 20. b4 Bd7 21. Rac1 Rec8 22. Bd3 a5 23. Ba6 Re8 24. b5 Ne7 25. Bf4 Bc8 26. Bxc8 Rexc8 27. Bd6 1/2-1/2

[Event "ROM GP Final Gp-B"]
[Site "Alba Iulia"]
[Date "2022.12.05"]
[Round "5"]
[White "Magold, Filip"]
[Black "Szabo, Gergely Andras"]
[Result "0-1"]
[WhiteElo "2187"]
[BlackElo "2514"]
[PlyCount "86"]
[EventDate "2022.12.05"]
[EventType "tourn (rapid)"]
[EventRounds "6"]
[EventCountry "ROU"]
[EventCategory "10"]
[SourceTitle "CBM 211 Extra"]
[Source "ChessBase"]
[SourceDate "2023.01.31"]
[SourceVersion "1"]
[SourceVersionDate "2023.01.31"]
[SourceQuality "1"]

1. e4 e5 2. Nf3 Nc6 3. Bb5 a6 4. Ba4 Nf6 5. 0-0 Be7 6. Re1 b5 7. Bb3 d6 8. c3 0-0 9. h3 Nb8 10. d4 Nbd7 11. Nbd2 Bb7 12. Bc2 Re8 13. Nf1 Bf8 14. Ng3 g6 15. a4 Bg7 16. d5 Qe7 17. Be3 c6 18. dxc6 Bxc6 19. b4 h6 20. Qd2 Kh7 21. Red1 d5 22. axb5 axb5 23. Rxa8 Rxa8 24. exd5 Bxd5 25. Nh4 e4 26. Bd4 Ra2 27. Qc1 Qe6 28. Bb1 Ra8 29. Re1 Re8 30. Nf3 Qc6 31. Nh2 Ne5 32. Qd1 Nd3 33. Re3 Nb2 34. Qc2 Nc4 35. Re2 Na3 36. Qc1 Nxb1 37. Qxb1 Bc4 38. Re1 Bd3 39. Qc1 h5 40. Qg5 Re6 41. Qf4 Nd5 42. Qxf7 Re7 43. Nf3 Rxf7 0-1

[Event "ROM GP Final Gp-B"]
[Site "Alba Iulia"]
[Date "2022.12.05"]
[Round "3"]
[White "Szabo, Gergely Andras"]
[Black "Magold, Filip"]
[Result "1-0"]
[WhiteElo "2514"]
[BlackElo "2187"]
[PlyCount "65"]
[EventDate "2022.12.05"]
[EventType "tourn (rapid)"]
[EventRounds "6"]
[EventCountry "ROU"]
[EventCategory "10"]
[SourceTitle "CBM 211 Extra"]
[Source "ChessBase"]
[SourceDate "2023.01.31"]
[SourceVersion "1"]
[SourceVersionDate "2023.01.31"]
[SourceQuality "1"]

1. e4 c5 2. c3 Nf6 3. e5 Nd5 4. Nf3 Nc6 5. Bc4 Nb6 6. Bb3 d5 7. exd6 Qxd6 8. 0-0 Be6 9. Bxe6 Qxe6 10. a4 Qd7 11. a5 Nc4 12. a6 b5 13. Qe2 e6 14. b3 Nd6 15. Ba3 b4 16. Bb2 f6 17. Re1 Kf7 18. cxb4 cxb4 19. d4 Nf5 20. Nbd2 Bd6 21. Ne4 Rhe8 22. Rac1 Nce7 23. g4 Nh6 24. g5 Nhf5 25. gxf6 gxf6 26. Nxf6 Kxf6 27. d5+ e5 28. Nxe5 Rg8+ 29. Kh1 Bxe5 30. Qxe5+ Kf7 31. Rc7 Qxc7 32. Qxc7 Rac8 33. Qd7 1-0

[Event "ROM GP Final Gp-B"]
[Site "Alba Iulia"]
[Date "2022.12.05"]
[Round "6"]
[White "Szabo, Gergely Andras"]
[Black "Parligras, Mircea Emilian"]
[Result "1/2-1/2"]
[WhiteElo "2514"]
[BlackElo "2565"]
[PlyCount "24"]
[EventDate "2022.12.05"]
[EventType "tourn (rapid)"]
[EventRounds "6"]
[EventCountry "ROU"]
[EventCategory "10"]
[SourceTitle "CBM 211 Extra"]
[Source "ChessBase"]
[SourceDate "2023.01.31"]
[SourceVersion "1"]
[SourceVersionDate "2023.01.31"]
[SourceQuality "1"]

1. e4 e5 2. Nf3 Nc6 3. Bb5 Nf6 4. d3 Bc5 5. c3 0-0 6. 0-0 d5 7. exd5 Qxd5 8. Bc4 Qd8 9. Bg5 h6 10. Bxf6 Qxf6 11. Nbd2 Bf5 12. Qe2 Rfe8 1/2-1/2

[Event "ROM-chT Blitz"]
[Site "Sebes"]
[Date "2022.12.04"]
[Round "5.1"]
[White "Szabo, Gergely Andras"]
[Black "Lupulescu, Constantin"]
[Result "1/2-1/2"]
[WhiteElo "2514"]
[BlackElo "2592"]
[PlyCount "50"]
[EventDate "2022.12.04"]
[EventType "team-swiss (blitz)"]
[EventRounds "8"]
[EventCountry "ROU"]
[SourceTitle "CBM 211 Extra"]
[Source "ChessBase"]
[SourceDate "2023.01.31"]
[SourceVersion "1"]
[SourceVersionDate "2023.01.31"]
[SourceQuality "1"]
[WhiteTeam "Iasi Politehnica"]
[BlackTeam "Superbet ASE"]
[WhiteTeamCountry "ROU"]
[BlackTeamCountry "ROU"]

1. e4 c5 2. c3 d5 3. exd5 Qxd5 4. d4 Nf6 5. Nf3 e6 6. Be3 cxd4 7. cxd4 Bb4+ 8. Nc3 0-0 9. Bd3 b6 10. 0-0 Bxc3 11. bxc3 Ba6 12. Bxa6 Nxa6 13. Ne5 Nb8 14. c4 Qb7 15. a4 Nbd7 16. Nxd7 Qxd7 17. a5 b5 18. cxb5 Qxb5 19. a6 Nd5 20. Qg4 Nxe3 21. fxe3 Rab8 22. Qe4 Qe2 23. Rfe1 Qd2 24. Red1 Qe2 25. Re1 Qd2 1/2-1/2

[Event "ROM-chT Rapid"]
[Site "Sebes"]
[Date "2022.12.03"]
[Round "7.1"]
[White "Lupulescu, Constantin"]
[Black "Szabo, Gergely Andras"]
[Result "0-1"]
[WhiteElo "2592"]
[BlackElo "2514"]
[PlyCount "72"]
[EventDate "2022.12.03"]
[EventType "team-swiss (rapid)"]
[EventRounds "8"]
[EventCountry "ROU"]
[SourceTitle "CBM 211 Extra"]
[Source "ChessBase"]
[SourceDate "2023.01.31"]
[SourceVersion "1"]
[SourceVersionDate "2023.01.31"]
[SourceQuality "1"]
[WhiteTeam "Superbet ASE"]
[BlackTeam "Iasi Politehnica"]
[WhiteTeamCountry "ROU"]
[BlackTeamCountry "ROU"]

1. e4 e5 2. Nf3 Nf6 3. Nxe5 d6 4. Nf3 Nxe4 5. Bd3 Nf6 6. 0-0 Be7 7. h3 0-0 8. Re1 Re8 9. c3 Bf8 10. Rxe8 Qxe8 11. Bc2 b6 12. d4 Bb7 13. Bf4 Nbd7 14. Nbd2 Qe7 15. a4 a5 16. Bd3 Re8 17. Bh2 g6 18. b4 Ne4 19. bxa5 Nxf2 20. Qf1 Nxd3 21. Qxd3 bxa5 22. Re1 Qd8 23. Qb5 Rxe1+ 24. Nxe1 Nb6 25. Qxa5 Qe8 26. Nef3 Qxa4 27. Qxa4 Nxa4 28. c4 Bh6 29. Kf2 Nb2 30. c5 dxc5 31. dxc5 Nd3+ 32. Ke2 Nf4+ 33. Kf2 Ne6 34. Nb3 Bf8 35. Ke3 Bd5 36. Nfd4 Nxc5 0-1

[Event "ROM-chT Rapid"]
[Site "Sebes"]
[Date "2022.12.03"]
[Round "4.21"]
[White "Teodorescu, Razvan"]
[Black "Szabo, Gergely Andras"]
[Result "0-1"]
[WhiteElo "2118"]
[BlackElo "2514"]
[PlyCount "66"]
[EventDate "2022.12.03"]
[EventType "team-swiss (rapid)"]
[EventRounds "8"]
[EventCountry "ROU"]
[SourceTitle "CBM 211 Extra"]
[Source "ChessBase"]
[SourceDate "2023.01.31"]
[SourceVersion "1"]
[SourceVersionDate "2023.01.31"]
[SourceQuality "1"]
[WhiteTeam "Alba Iulia Unirea II"]
[BlackTeam "Iasi Politehnica"]
[WhiteTeamCountry "ROU"]
[BlackTeamCountry "ROU"]

1. d4 Nf6 2. c4 e6 3. Nf3 d5 4. Nc3 Be7 5. Bg5 0-0 6. e3 h6 7. Bh4 b6 8. cxd5 Nxd5 9. Bxe7 Qxe7 10. Nxd5 exd5 11. Be2 Be6 12. 0-0 c5 13. dxc5 bxc5 14. Rc1 Nd7 15. Qa4 Rfb8 16. b3 a5 17. Qf4 Rb4 18. Qc7 Qd8 19. Qd6 Qb8 20. Qe7 Qf8 21. Qxf8+ Kxf8 22. Nd2 a4 23. Bf3 axb3 24. axb3 Ra2 25. Rfd1 Ke7 26. g3 Ne5 27. Be2 c4 28. bxc4 Rbb2 29. cxd5 Rxd2 30. Rxd2 Rxd2 31. dxe6 Rxe2 32. exf7 Kxf7 33. Kg2 Rxf2+ 0-1

[Event "Braila GP RO Stage 5"]
[Site "Braila"]
[Date "2022.11.06"]
[Round "10"]
[White "Sandu, Mihaela"]
[Black "Szabo, Gergely Andras"]
[Result "1/2-1/2"]
[WhiteElo "2206"]
[BlackElo "2514"]
[PlyCount "61"]
[EventDate "2022.11.05"]
[EventType "swiss (rapid)"]
[EventRounds "10"]
[EventCountry "ROU"]
[SourceTitle "EXT 2024"]
[Source "ChessBase"]
[SourceDate "2023.10.10"]
[SourceVersion "1"]
[SourceVersionDate "2023.10.10"]
[SourceQuality "1"]

1. e4 e6 2. d4 d5 3. Nc3 Bb4 4. e5 c5 5. a3 Bxc3+ 6. bxc3 Ne7 7. Nf3 b6 8. a4 Ba6 9. Bb5+ Bxb5 10. axb5 Qd7 11. Qe2 c4 12. Rb1 a6 13. bxa6 Rxa6 14. h4 Nbc6 15. h5 h6 16. Nh4 Nf5 17. Qg4 Nce7 18. Nxf5 Nxf5 19. Qf4 Qa7 20. g4 Ne7 21. Bb2 Ra2 22. 0-0 Qd7 23. Qc1 0-0 24. Ba3 Ra8 25. Bd6 Nc8 26. Bb4 Qa4 27. Rb2 Ra1 28. Rb1 Ra2 29. Rb2 Ra1 30. Rb1 Ra2 31. Rb2 1/2-1/2

[Event "Braila GP RO Stage 5"]
[Site "Braila"]
[Date "2022.11.06"]
[Round "9"]
[White "Szabo, Gergely Andras"]
[Black "Filip, Andrei"]
[Result "1/2-1/2"]
[WhiteElo "2514"]
[BlackElo "2331"]
[PlyCount "44"]
[EventDate "2022.11.05"]
[EventType "swiss (rapid)"]
[EventRounds "10"]
[EventCountry "ROU"]
[SourceTitle "EXT 2024"]
[Source "ChessBase"]
[SourceDate "2023.10.10"]
[SourceVersion "1"]
[SourceVersionDate "2023.10.10"]
[SourceQuality "1"]

1. e4 e5 2. Nf3 Nf6 3. Nxe5 d6 4. Nf3 Nxe4 5. Nc3 Nxc3 6. dxc3 Be7 7. Be3 Nc6 8. Qd2 Be6 9. 0-0-0 Qd7 10. Kb1 Bf6 11. Bg5 Bxg5 12. Qxg5 f6 13. Qh4 a6 14. Bd3 0-0-0 15. Rhe1 Kb8 16. Nd4 Nxd4 17. Qxd4 Rde8 18. Qf4 h6 19. Re3 Bf7 20. Rde1 Rxe3 21. Rxe3 Re8 22. b3 Rxe3 1/2-1/2

[Event "Braila GP RO Stage 5"]
[Site "Braila"]
[Date "2022.11.06"]
[Round "5"]
[White "Szabo, Gergely Andras"]
[Black "Padurariu, Mihai Edward"]
[Result "1/2-1/2"]
[WhiteElo "2514"]
[BlackElo "2230"]
[PlyCount "66"]
[EventDate "2022.11.05"]
[EventType "swiss (rapid)"]
[EventRounds "10"]
[EventCountry "ROU"]
[SourceTitle "EXT 2024"]
[Source "ChessBase"]
[SourceDate "2023.10.10"]
[SourceVersion "1"]
[SourceVersionDate "2023.10.10"]
[SourceQuality "1"]

1. d4 d5 2. Nc3 Nf6 3. Bf4 c5 4. e4 Nxe4 5. Nxe4 dxe4 6. dxc5 Qxd1+ 7. Rxd1 Nc6 8. Bb5 Bd7 9. Ne2 0-0-0 10. 0-0 f6 11. Nc3 e5 12. Be3 f5 13. Rd5 Be7 14. Bxc6 bxc6 15. Rdd1 Be6 16. b4 Bc4 17. Rfe1 Rxd1 18. Rxd1 Rd8 19. Rxd8+ Bxd8 20. f3 exf3 21. gxf3 Bh4 22. Bd2 Kd7 23. a4 Ke6 24. Kg2 h6 25. b5 Bd8 26. Be3 cxb5 27. axb5 Ba5 28. b6 axb6 29. cxb6 Kd7 30. Na4 Kc6 31. Nb2 Be6 32. Nd3 e4 33. fxe4 fxe4 1/2-1/2

[Event "Braila GP RO Stage 5"]
[Site "Braila"]
[Date "2022.11.05"]
[Round "4"]
[White "Daianu, Cristian Clement"]
[Black "Szabo, Gergely Andras"]
[Result "0-1"]
[WhiteElo "2189"]
[BlackElo "2514"]
[PlyCount "74"]
[EventDate "2022.11.05"]
[EventType "swiss (rapid)"]
[EventRounds "10"]
[EventCountry "ROU"]
[SourceTitle "EXT 2024"]
[Source "ChessBase"]
[SourceDate "2023.10.10"]
[SourceVersion "1"]
[SourceVersionDate "2023.10.10"]
[SourceQuality "1"]

1. e4 e6 2. d4 d5 3. Nd2 c5 4. exd5 Qxd5 5. Ngf3 cxd4 6. Bc4 Qd6 7. Qe2 Nf6 8. Nb3 Nc6 9. Bg5 Qb4+ 10. c3 dxc3 11. bxc3 Qb6 12. Nbd4 Nxd4 13. Nxd4 Qa5 14. Bb5+ Bd7 15. 0-0 Bxb5 16. Nxb5 Be7 17. Bxf6 gxf6 18. Qh5 f5 19. Nd4 0-0 20. Rae1 Qxc3 21. Nxf5 exf5 22. Rxe7 Rae8 23. Qxf5 Rxe7 24. Qg5+ Qg7 25. Qxe7 f6 26. Qe3 b6 27. Rd1 Qf7 28. h4 Qxa2 29. Rd7 Qa1+ 30. Kh2 Qe5+ 31. Qxe5 fxe5 32. Rxa7 Rxf2 33. Re7 Re2 34. Re6 b5 35. Rb6 Rb2 36. Re6 Rb4 37. Kg3 e4 0-1